000 00614nas a2200217 4500
001 BR7306529
003 BR-BrBNA
005 20231205082610.0
007 ta
008 230509b bl.|||p| |||| 00| 00por d
040 _aBR-BrBNA
_bpor
_cBiblioteca Nacional de Agricultura
041 _a(Pt)
072 _aQ10
100 1 _aBonassi, I.A.
245 1 _aDefeitos em queijos
650 _aINDUSTRIA ALIMENTICIA
650 _aQUEIJO
773 0 _tAtualidades Agroveterinarias (Brazil)
_xISSN 0100-2643
_g(Nov 1976), v. 4(25) p. 24-27
_wBR7306529
909 _a202311
_bLúcia
_c55
_dLúcia Elande
942 _2AGRIS
_n0
_cANA
999 _c93122
_d93122